000 00580nam a2200181 a 4500
001 5652
003 CO-ViMGA
008 141112s2004 ck r 000 u spa d
040 _aCO-ViMGA
_bspa
_cCO-ViMGA
082 0 4 _aR729 L477d
100 1 _aLittlewood, Michael
_94066
245 1 0 _aDiseño urbano
260 _aBarcelona :
_bGustavo Gili,
_c1994
300 _a3 v : il
500 _aContenido : v.1, Muros y cerramientos, detalles; v.2, Pavimentos, rampas, escaleras y márgenes, detalles; v.3, Arboles, detalles.
650 1 4 _aDISEÑO ARQUITECTONICO
_94067
942 _2ddc
_cBK
999 _c17633
_d17633